TENWEK HOSP HOME | SOC  | ASK A LIBRARIANSTAFF LOGIN  |  DIGITAL REPOSITORYe-BOOK PORTAL  |  OFF-CAMPUS PORTAL  |  DONATE

Nelson textbook of pediatrics / (Record no. 4148)

MARC details
000 -LEADER
fixed length control field 01214cam a2200337 a 4500
001 - CONTROL NUMBER
control field 1673111
003 - CONTROL NUMBER IDENTIFIER
control field Ke-BoTe
005 - DATE AND TIME OF LATEST TRANSACTION
control field 20220616144654.0
008 - FIXED-LENGTH DATA ELEMENTS--GENERAL INFORMATION
fixed length control field 981103s2000 paua b 001 0 eng c
010 ## - LIBRARY OF CONGRESS CONTROL NUMBER
LC control number 98050604
020 ## - INTERNATIONAL STANDARD BOOK NUMBER
International Standard Book Number 0721677673
040 ## - CATALOGING SOURCE
Original cataloging agency DNLM/DLC
Transcribing agency DLC
Modifying agency DLC
050 00 - LIBRARY OF CONGRESS CALL NUMBER
Classification number RJ45.
Item number .N4 2000
060 10 - NATIONAL LIBRARY OF MEDICINE CALL NUMBER
Classification number WS 100
Item number N432 2000
082 00 - DEWEY DECIMAL CLASSIFICATION NUMBER
Classification number 618.92
Edition number 21
245 00 - TITLE STATEMENT
Title Nelson textbook of pediatrics /
246 30 - VARYING FORM OF TITLE
Title proper/short title Textbook of pediatrics
250 ## - EDITION STATEMENT
Edition statement 16th ed. /
Remainder of edition statement [edited by] Richard E. Behrman, Robert M. Kliegman, Hal B. Jenson.
260 ## - PUBLICATION, DISTRIBUTION, ETC.
Place of publication, distribution, etc. Philadelphia :
Name of publisher, distributor, etc. W.B. Saunders Co.,
Date of publication, distribution, etc. c2000.
300 ## - PHYSICAL DESCRIPTION
Extent xlvii, 2414 p . :
Other physical details ill . ;
Dimensions 28 cm.
504 ## - BIBLIOGRAPHY, ETC. NOTE
Bibliography, etc. note Includes bibliographical references and index.
650 #0 - SUBJECT ADDED ENTRY--TOPICAL TERM
Topical term or geographic name entry element Pediatrics.
9 (RLIN) 2657
650 12 - SUBJECT ADDED ENTRY--TOPICAL TERM
Topical term or geographic name entry element Pediatrics.
9 (RLIN) 2657
700 1# - ADDED ENTRY--PERSONAL NAME
Personal name Behrman, Richard E.,
Dates associated with a name 1931-
9 (RLIN) 2827
700 1# - ADDED ENTRY--PERSONAL NAME
Personal name Kliegman, Robert.
9 (RLIN) 2826
700 1# - ADDED ENTRY--PERSONAL NAME
Personal name Jenson, Hal B.
9 (RLIN) 8593
906 ## - LOCAL DATA ELEMENT F, LDF (RLIN)
a 7
b cbc
c orignew
d 1
e ocip
f 19
g y-gencatlg
942 ## - ADDED ENTRY ELEMENTS (KOHA)
Source of classification or shelving scheme Library of Congress Classification
Koha item type Short loan
Suppress in OPAC No
Holdings
Withdrawn status Lost status Source of classification or shelving scheme Damaged status Not for loan Collection code Home library Current library Shelving location Date acquired Total Checkouts Full call number Barcode Date last seen Price effective from Koha item type
    Library of Congress Classification     Non-fiction SCHOOL OF HEALTH SCIENCES SCHOOL OF HEALTH SCIENCES Short Loan 16.06.2022   RJ45.N4 2000 00004024 16.06.2022 16.06.2022 Short loan